ペルソナ5 ザ・ロイヤルのスキル - Statistics

General Stats
  • This quiz has been taken 11 times
  • The average score is 56 of 313
Answer Stats
Hint Answer % Correct
火炎 マハラギ
90%
火炎 アギ
80%
火炎 アギダイン
80%
補助 タルカジャ
80%
補助 マハタルカジャ
80%
火炎 アギラオ
70%
火炎 マハラギダイン
70%
電撃 ジオ
70%
電撃 ジオダイン
70%
電撃 マハジオ
70%
電撃 マハジオダイン
70%
疾風 ガル
70%
疾風 ガルダイン
70%
疾風 マハガル
70%
疾風 マハガルダイン
70%
万能 メギド
70%
万能 メギドラ
70%
万能 メギドラオン
70%
補助 スクカジャ
70%
補助 マハスクカジャ
70%
火炎 マハラギオン
60%
氷結 ブフ
60%
氷結 ブフダイン
60%
氷結 マハブフ
60%
電撃 ジオンガ
60%
電撃 マハジオンガ
60%
疾風 ガルーラ
60%
呪怨 エイハ
60%
呪怨 死んでくれる?
60%
補助 タルンダ
60%
補助 マハタルンダ
60%
補助 デカジャ
60%
物理 八艘飛び
50%
氷結 ブフーラ
50%
氷結 マハブフーラ
50%
氷結 マハブフダイン
50%
疾風 マハガルーラ
50%
念動 サイ
50%
念動 マハサイ
50%
呪怨 ムド
50%
呪怨 ムドオン
50%
呪怨 マハムド
50%
呪怨 マハムドオン
50%
回復 メディア
50%
回復 メディラマ
50%
補助 スクンダ
50%
補助 マハスクンダ
50%
物理 ゴッドハンド
40%
火炎 インフェルノ
40%
念動 サイオ
40%
念動 サイダイン
40%
念動 マハサイダイン
40%
核熱 フレイ
40%
核熱 フレイラ
40%
核熱 マハフレイ
40%
核熱 マハフレイラ
40%
祝福 コウハ
40%
祝福 コウガ
40%
祝福 マハコウガ
40%
呪怨 エイガ
40%
呪怨 エイガオン
40%
呪怨 マハエイハ
40%
回復 ディア
40%
回復 ディアラハン
40%
補助 デクンダ
40%
補助 ランダマイザ
40%
物理 突撃
30%
物理 ラッキーパンチ
30%
銃撃 ワンショットキル
30%
念動 マハサイオ
30%
核熱 フレイダイン
30%
核熱 マハフレイダイン
30%
祝福 コウガオン
30%
祝福 マハコウハ
30%
祝福 マハコウガオン
30%
祝福 ハマ
30%
祝福 ハマオン
30%
祝福 マハンマ
30%
祝福 マハンマオン
30%
呪怨 マハエイガ
30%
呪怨 マハエイガオン
30%
状態異常 ドルミナー
30%
回復 ディアラマ
30%
回復 メディアラハン
30%
補助 ラクンダ
30%
補助 マハラクンダ
30%
補助 ラクカジャ
30%
補助 マハラクカジャ
30%
補助 テトラカーン
30%
補助 マカラカーン
30%
自動効果 物理無効
30%
自動効果 物理反射
30%
物理 スラッシュ
20%
物理 二連牙
20%
物理 五月雨斬り
20%
物理 ミラクルパンチ
20%
火炎 大炎上
20%
氷結 ダイアモンドダスト
20%
疾風 万物流転
20%
念動 サイコキネシス
20%
万能 吸血
20%
万能 吸魔
20%
状態異常 マカジャマ
20%
状態異常 プリンパ
20%
状態異常 マリンカリン
20%
回復 メシアライザー
20%
回復 パトラ
20%
回復 メパトラ
20%
回復 アムリタドロップ
20%
回復 アムリタシャワー
20%
補助 ヒートライザ
20%
補助 テルモピュライ
20%
補助 コンセントレイト
20%
自動効果 物理耐性
20%
自動効果 物理見切り
20%
自動効果 アリ・ダンス
20%
自動効果 火炎ブースタ
20%
自動効果 火炎ハイブースタ
20%
自動効果 マハタルカオート
20%
物理 レーヴァテイン
10%
物理 剣の舞
10%
物理 大切断
10%
物理 金剛発破
10%
物理 暴れまくり
10%
物理 アグネヤストラ
10%
物理 ヘッドバット
10%
物理 忘殺ラッシュ
10%
物理 脳天落とし
10%
銃撃 指弾
10%
銃撃 ダブルシュート
10%
銃撃 トリプルダウン
10%
氷結 大氷河期
10%
電撃 真理の雷
10%
電撃 エル・ジハード
10%
疾風 真空波
10%
念動 サイコフォース
10%
核熱 アトミックフレア
10%
核熱 コズミックフレア
10%
祝福 神の審判
10%
祝福 回転説法
10%
呪怨 悪魔の審判
10%
万能 明けの明星
10%
万能 幾万の真言
10%
状態異常 マカジャマオン
10%
状態異常 デビルタッチ
10%
回復 バイスディ
10%
回復 マハバイスディ
10%
回復 エナジードロップ
10%
回復 エナジーシャワー
10%
回復 リカーム
10%
回復 サマリカーム
10%
回復 カデンツァ
10%
補助 テトラジャ
10%
補助 チャージ
10%
補助 リベリオン
10%
補助 百花繚乱
10%
自動効果 雨に唄えば
10%
自動効果 炎上耐性
10%
自動効果 炎上無効
10%
自動効果 急速回復
10%
自動効果 小気功
10%
自動効果 中気功
10%
自動効果 大気功
10%
自動効果 生還トリック
10%
自動効果 勝利の息吹
10%
自動効果 勝利の雄たけび
10%
自動効果 カウンタ
10%
自動効果 ヘビーカウンタ
10%
自動効果 ハイパーカウンタ
10%
自動効果 マハスクカオート
10%
自動効果 マハラクカオート
10%
自動効果 アドバイス
10%
自動効果 トリガーハッピー
10%
自動効果 コーチング
10%
自動効果 魔術の素養
10%
物理 パワースラッシュ
0%
物理 窮鼠の牙
0%
物理 アサルトダイブ
0%
物理 メガトンレイド
0%
物理 ストリングアーツ猛獣
0%
物理 レイズスラッシュ
0%
物理 死亡遊戯
0%
物理 キルラッシュ
0%
物理 ガトリングブロー
0%
物理 刹那五月雨斬り
0%
物理 十文字斬り
0%
物理 マイルーム
0%
物理 マスカレイド
0%
物理 ミラクルラッシュ
0%
物理 烈風波
0%
物理 ヒートウェイブ
0%
物理 空間殺法
0%
物理 ギガントマキア
0%
物理 電光石火
0%
物理 アカシャアーツ
0%
物理 ドルミンラッシュ
0%
物理 スレッジハンマー
0%
物理 フラッシュボム
0%
物理 マインドスライス
0%
物理 テラークロウ
0%
物理 デスサイズカット
0%
物理 血祭り
0%
物理 ヒステリービンタ
0%
物理 鬼神楽
0%
物理 ネガティブパイル
0%
物理 バッドビート
0%
物理 ブレイクシェイク
0%
物理 ブレインバスター
0%
銃撃 夢見針
0%
銃撃 至高の魔弾
0%
火炎 ティタノマキア
0%
祝福 輝矢
0%
呪怨 マガツマンダラ
0%
呪怨 煉獄の翼
0%
万能 漆黒の蛇
0%
万能 反逆の刃
0%
万能 深淵の眼
0%
万能 冥府の扉
0%
万能 淀んだ吐息
0%
万能 淀んだ空気
0%
万能 亡者の嘆き
0%
万能 先導の触手
0%
状態異常 スリープソング
0%
状態異常 ファントムショー
0%
状態異常 目眩し
0%
状態異常 闇夜の閃光
0%
状態異常 テンタラフー
0%
状態異常 デビルスマイル
0%
状態異常 不吉な言葉
0%
状態異常 奈落の波動
0%
状態異常 挑発
0%
状態異常 宣戦布告
0%
状態異常 ブレインジャック
0%
回復 知性の翼
0%
回復 聖母の慈愛
0%
回復 ネオ・カデンツァ
0%
回復 オラトリオ
0%
補助 テトラブレイク
0%
補助 マカラブレイク
0%
補助 火炎ガードキル
0%
補助 氷結ガードキル
0%
補助 電撃ガードキル
0%
補助 疾風ガードキル
0%
補助 念動ガードキル
0%
補助 核熱ガードキル
0%
補助 防炎の壁
0%
補助 防氷の壁
0%
補助 坊電の壁
0%
補助 防嵐の壁
0%
補助 防念の壁
0%
補助 防核の壁
0%
補助 ブレイブステップ
0%
補助 レボリューション
0%
補助 オラオーラ
0%
補助 潜伏
0%
補助 闘魂注入
0%
補助 ハイテンション
0%
補助 チェックメイト
0%
補助 生命の壁
0%
補助 搾取の偽画
0%
補助 金庫の番人
0%
補助 勝負師の先見
0%
補助 社長の心得
0%
補助 黒幕の威令
0%
自動効果 極・物理見切り
0%
自動効果 大天使の加護
0%
自動効果 背水の陣
0%
自動効果 魔道の才能
0%
自動効果 魔王の境地
0%
自動効果 浮かない空
0%
自動効果 精神耐性
0%
自動効果 不動心
0%
自動効果 瞬間回復
0%
自動効果 小治癒促進
0%
自動効果 中治癒促進
0%
自動効果 大治癒促進
0%
自動効果 食いしばり
0%
自動効果 不屈の闘志
0%
自動効果 ヒートアップ
0%
自動効果 ソウルチェイン
0%
自動効果 攻撃の心得
0%
自動効果 防御の心得
0%
自動効果 素早さの心得
0%
自動効果 タッチアンドゴー
0%
自動効果 ハイボルテージ
0%
自動効果 逆境の覚悟
0%
自動効果 武道の心得
0%
自動効果 仁王立ち
0%
自動効果 神々の加護
0%
自動効果 ローグロウ
0%
自動効果 ミドルグロウ
0%
自動効果 ハイグロウ
0%
サポート アナライズ
0%
サポート お宝スキミング
0%
サポート 究極サポート
0%
サポート サブリカバーHP
0%
サポート サブリカバーHP改
0%
サポート サブリカバーSP
0%
サポート サブリカバーSP改
0%
自動効果 炎上率UP
0%
自動効果 凍結率UP
0%
自動効果 感電率UP
0%
自動効果 睡眠率UP
0%
自動効果 忘却率UP
0%
自動効果 目眩率UP
0%
自動効果 混乱率UP
0%
自動効果 恐怖率UP
0%
自動効果 絶望率UP
0%
自動効果 激怒率UP
0%
自動効果 洗脳率UP
0%
自動効果 状態異常成功率UP
0%
自動効果 ハマ成功率UP
0%
自動効果 ムド成功率UP
0%
No matching quizzes found
Score Distribution
Percent of People with Each Score
Percentile by Number Answered
Your Score History
You have not taken this quiz